00845nam a2200229 i 450000100060000000300090000600500170001500700030003200800410003510000310007624501080010726000380021530000330025349000130028650000600029970000310035970000330039083000210042385200320044499900170047695201220049327533ES-MaACL20230906153635.0t|030114s1971 sp ||||1| spa d1 aAuboyer, Jeanninne.92381710aAngkor / cJeanninne Auboyer ; [Fotos Dominique Darbois ; Selección y secuencia Joan Prats Vallés]. aBarcelona : bPoligrafa, c[1971] a78 p., 128 lám. ; c21 cm.1 aFotoscop aEdición en español, inglés, francés y alemán.1 aDarbois, Dominique.9426871 aPrats Vallès, Joan.9937090 aFotoscop9181542 aES-MaACLjC-41144 bR.79764 c27533d27533 00104070aATENEOMbATENEOMcDEPO2d2008-01-17eSCl0oC-41144p1028431r2023-02-23 00:00:00w2023-02-23yMONOGRAFIA